000 00407nam a2200157Ia 4500
003 GCL
008 140319s9999 xx 000 0 eng d
040 _aGCL /
_cGCL
082 0 4 _a332.1068
_bB M
245 1 0 _aTHE MANAGEMENT OF FINANCIAL INSTITUTIONS
260 _a[S.N] :
_bABT AKVERT SKIRA S.A ،
_c1990
300 _a324 P
650 0 4 _aFINANCIAL MANAGEMENT
650 0 4 _aMONASTERIES
942 _2ddc
_cBK
999 _c19082
_d19082